| 000 | 00558nam a22001815i 4500 | ||
|---|---|---|---|
| 001 | 68626 | ||
| 003 | ES-MaACL | ||
| 005 | 20250805064134.0 | ||
| 007 | t| | ||
| 008 | 960812s1865 fr ||||1| fre d | ||
| 040 |
_aCAM _bspa _cCAM |
||
| 100 | 1 |
_aGautier, Théophile, _d1811-1872 _9170960 |
|
| 245 | 1 | 0 |
_aQuand on voyage / _cpar Théophile Gautier. |
| 260 |
_aParis : _bMichel Lévy frères, _c1865 ( _ePoissy : _ftyp. et stér. de Aug. Bouret) |
||
| 300 |
_a[4], 352, [1] p. ; _c18 cm. |
||
| 852 |
_aES-MaACL _jG-14467 |
||
| 999 |
_c68626 _d68626 |
||